| 000 | 01489cam a22003735a 4500 | ||
|---|---|---|---|
| 001 | 18545173 | ||
| 005 | 20160726113503.0 | ||
| 008 | 150320s2014 stk frb 001 0 eng d | ||
| 010 | _a 2015376651 | ||
| 015 |
_aGBB4A8858 _2bnb |
||
| 016 | 7 |
_a016865104 _2Uk |
|
| 020 | _a9780748696260 (pbk.) | ||
| 020 | _a0748696261 (pbk.) | ||
| 035 | _a(OCoLC)ocn892336654 | ||
| 040 |
_aCDX _beng _cCDX _dBDX _dUKMGB _dNLE _dOCLCO _dYDXCP _dLTSCA _dDLC _dEG-ScBUE |
||
| 082 | 0 | 4 |
_a362.1 _bHEA _222 |
| 245 | 0 | 0 |
_aHealth inequalities and global justice / _cedited by Patti Tamara Lenard and Christine Straehle. |
| 260 |
_aEdinburgh : _bEdinburgh University Press, _c2014. |
||
| 300 |
_axi, 300 p. ; _c24 cm. |
||
| 490 | 0 | _aStudies in global justice and human rights | |
| 500 | _aIndex : p. 289-300. | ||
| 504 | _aBibliography : p. 265-288. | ||
| 520 | _aContributors to this volume consider whether health inequalities are a result of global distributive inequalities and are therefore of concern to those promoting global redistributive justice. | ||
| 650 | 7 |
_aWorld health _xMoral and ethical aspects. _2BUEsh _940450 |
|
| 650 | 7 |
_aHealth services accessibility. _2BUEsh _940449 |
|
| 650 | 7 |
_aRight to health. _2BUEsh _940448 |
|
| 650 | 7 |
_aSocial Justice. _2BUEsh _910427 |
|
| 650 | 7 |
_aMedical care. _2BUEsh _929993 |
|
| 651 | _2BUEsh | ||
| 653 |
_bLLAAWW _cJuly2016 |
||
| 700 | 1 |
_aLenard, Patti Tamara, _d1975- _eeditor. _940446 |
|
| 700 | 1 |
_aStraehle, Christine, _eeditor. _940447 |
|
| 942 | _2ddc | ||
| 999 |
_c22029 _d22001 |
||